| 000 | 02806 a2200325 4500 | ||
|---|---|---|---|
| 999 |
_c10794 _d10794 |
||
| 020 | _a9780081025536 | ||
| 020 | _a008102553X | ||
| 050 | 0 | 0 |
_aRS201 _b.POL 2019 |
| 100 |
_aMaiti, Sabyasachi _eeditor |
||
| 245 | 0 | 0 |
_aPolysaccharide carriers for drug delivery / _cedited by Sabyasachi Maiti, Sougata Jana. |
| 250 | _aFirst edition. | ||
| 264 | 1 |
_aDuxford, United Kingdom ; _aCambridge, MA : _bWoodhead Publishing, an imprint of Elsevier, _c2019 |
|
| 300 |
_axvii, 781 pages : _billustrations (some color) ; |
||
| 336 |
_atext _btxt _2rdacontent |
||
| 337 |
_aunmediated _bn _2rdamedia |
||
| 338 |
_avolume _bnc _2rdacarrier |
||
| 504 | _aIncludes bibliographical references and index. | ||
| 505 | _aPart 1 Fundamentals of polysaccharides for drug delivery 1. Polysaccharides, their modification and characterization 2. Drug delivery & bioactive potentials of polysaccharides and their derivatives Part 2 Biomaterials 3. Polysaccharide-based amorphous solid dispersions (ASD) for improving solubility and bioavailability of drugs 4. Interpenetrating polysaccharide networks as oral drug delivery modalities 5. Polysaccharide nanomicelles as drug carriers 6. Polysaccharide nanoparticles for cancer drug targeting 7. Polysaccharide nanoconjugates for drug solubilization and targeted delivery Part 3 Drug delivery applications of Polysaccharides 8. Biopolymer systems for drug delivery across permeable membranes 9. In situ polysaccharide smart gels and inserts for topical drug delivery applications 10. Polysaccharide hydrogel films/membranes for transdermal delivery of therapeutics 11. Polysaccharide-based orodental delivery systems 12. Stomach-specific buoyant polysaccharide systems for treating localized diseases 13. Advanced colon-specific delivery systems for treating local disorders | ||
| 520 | _aPolysaccharide Carriers for Drug Delivery presents the latest information on the selection of safe materials. Due to reported safety profiles on polysaccharides; they have been the natural choice for investigation. A wide variety of drug delivery and biomedical systems have been studied, however, the related information either concept-wise or application-oriented is scattered, therefore becoming difficult for readers and researchers to digest in a concise manner. This gathering of information will help readers easily comprehend the subject matter.-- | ||
| 650 | 0 | _aDrug carriers (Pharmacy) | |
| 650 | 0 | _aPolysaccharides. | |
| 650 | 1 | 2 | _aDrug Delivery Systems. |
| 650 | 2 | 2 | _aDrug Carriers. |
| 650 | 2 | 2 | _aNanoparticles. |
| 650 | 7 | _aDrug carriers (Pharmacy) | |
| 700 | 1 |
_aJana, Sougata, _eeditor. |
|
| 942 |
_2lcc _cBK _h201 _iPOL _kRS |
||